000 01161naa a22003257a 4500
001 BR9406800
003 BR-BrBNA
005 20240918181306.0
007 ta
008 230509b bl.||||| |||| 00| 0 por d
040 _aBR-BrBNA
_bpor
_cBiblioteca Nacional de Agricultura
041 _a(Pt)
072 _aP31
090 _aP31 BR9406800
100 1 _aSano, E.E.
100 1 _aAssad, E.D.
100 1 _aMeirelles, M.L.
100 1 _aMoreira, L.
100 1 _aMacedo, J.
100 1 _aResck, D.V.S.
245 1 _aCaracterizacao ambiental da microbacia do corrego Taquara (DF), atraves de um sistema de informacoes geograficas
260 3 _aPlanaltina, DF (Brasil):
_c1994.
500 _aRelatorio tecnico anual do Centro de Pesquisa Agropecuaria dos Cerrados 1987/1990 Planaltina, DF (Brasil): 1994. p. 60-64 (BR9406800-AM)P31
650 _aMicrobacia
650 _aClassificacao do Solo
650 _aDistrito Federal
773 0 _tRelatorio tecnico anual do Centro de Pesquisa Agropecuaria dos Cerrados 1987/1990
_wP31 BR9406800
_gPlanaltina, DF (Brasil), 1994. p. 60-64
909 _a202404
_bLucia
_c55
_dLucia Elande
942 _cAM
_2AGRIS
999 _c324579
_d324579